Betrieb und Steuer Grundlagen zur Betriebswirtschaftlichen Steuerlehre

Salvato in:
Dettagli Bibliografici
Autore principale: Rose, Gerd
Natura: Libro
Lingua:tedesco
Pubblicazione: Wiesbaden Gabler 1991
Edizione:2. überarb. Aufl.
Soggetti:
Tags: Aggiungi Tag
Nessun Tag, puoi essere il primo ad aggiungerne!!

MARC

LEADER 00000nam a2200000 4500
001 c000141
005 20221214101959.3
020 |a 3-409-50932-1 
041 0 |a ger 
044 |a DE 
245 1 0 |a Betrieb und Steuer  |b Grundlagen zur Betriebswirtschaftlichen Steuerlehre  |c Gerd Rose 
250 |a 2. überarb. Aufl. 
264 1 |a Wiesbaden  |b Gabler  |c 1991 
300 |a 167 s.  |e príl. 
610 2 0 |a dane podnikové 
610 2 0 |a pojmy 
610 2 0 |a právo finančné 
610 2 0 |a právo hospodárske 
610 2 0 |a právo medzinárodné 
610 2 0 |a dane 
610 2 0 |a politika daňová 
610 2 0 |a úľavy daňové 
610 2 0 |a dane majetkové 
610 2 0 |a spoločnosti nadnárodné 
100 1 |a Rose, Gerd